NFL 2025 Week 1 Starting Quarterbacks - Statistics

General Stats
  • This quiz has been taken 88 times
  • The average score is 30 of 32
Answer Stats
Team Quarterback % Correct
Baltimore Ravens Lamar Jackson
99%
Dallas Cowboys Dak Prescott
97%
Detroit Lions Jared Goff
97%
Cincinnati Bengals Joe Burrow
97%
Buffalo Bills Josh Allen
97%
Denver Broncos Bo Nix
96%
Carolina Panthers Bryce Young
96%
Green Bay Packers Jordan Love
96%
Los Angeles Chargers Justin Herbert
96%
Arizona Cardinals Kyler Murray
96%
Kansas City Chiefs Patrick Mahomes
96%
Miami Dolphins Tua Tagovailoa
96%
Chicago Bears Caleb Williams
95%
Houston Texans C.J. Stroud
95%
Cleveland Browns Joe Flacco
95%
Los Angeles Rams Matthew Stafford
95%
Tampa Bay Buccaneers Baker Mayfield
93%
Las Vegas Raiders Geno Smith
93%
Philadelphia Eagles Jalen Hurts
93%
San Francisco 49ers Brock Purdy
92%
Jacksonville Jaguars Trevor Lawrence
92%
Pittsburgh Steelers Aaron Rodgers
91%
New England Patriots Drake Maye
91%
Washington Commanders Jayden Daniels
91%
Atlanta Falcons Michael Penix Jr.
91%
Seattle Seahawks Sam Darnold
91%
Indianapolis Colts Daniel Jones
89%
Minnesota Vikings J.J. McCarthy
89%
New York Giants Russell Wilson
88%
Tennessee Titans Cam Ward
87%
New York Jets Justin Fields
85%
New Orleans Saints Spencer Rattler
80%
No matching quizzes found
Score Distribution
Percent of People with Each Score
Percentile by Number Answered
Your Score History
You have not taken this quiz